| 000 | 00923nam a2200265Ia 4500 | ||
|---|---|---|---|
| 003 | OSt | ||
| 005 | 20221005111019.0 | ||
| 006 | a|||||r|||| 00| 0 | ||
| 007 | ta | ||
| 008 | 221004b |||||||| |||| 00| 0 hin d | ||
| 020 |
_a8171199801 (hbk) _c150 |
||
| 024 | _a20454 | ||
| 037 |
_bBR8399, 21/03/2015, Rajkamal Prakashan Pvt. Ltd. _cTextual |
||
| 040 |
_aCRL _cCRL _bhin |
||
| 041 |
_2hin _ahin |
||
| 082 | _aO155,3N56,DU, 152P4 | ||
| 100 | _aगायकवाड, लक्ष्मण | ||
| 245 | 0 | _aदुभंग | |
| 246 | _aDubhanga | ||
| 260 |
_aनई दिल्ली _bराधाकृष्ण भारत _c2004 |
||
| 300 |
_a186पृ0 _ccm. |
||
| 650 | _aमराठी साहित्य | ||
| 942 |
_hO155,3N56,DU, 152P4 _cTEXL _2cc |
||
| 999 |
_c1020557 _d1020557 |
||